000
00267nam a2200121Ia 4500
008
191201s2014 xx 000 0 und d
100
_a
SINGH, IK Vinod Pal
245
0
_a
System Software
260
_b
Khanna
_c
2014
300
_a
383
650
_a
MCA
942
_2
ddc
_c
BK
999
_c
7163
_d
7163